| 000 | 00912nam a22002051cc4500 | ||
|---|---|---|---|
| 001 | a987679186+Band1 | ||
| 035 | _aa987679186 | ||
| 008 | 170707s2014 gw a||| 000u eng d | ||
| 020 |
_a9783838205786 _9978-3-8382-0578-6 |
||
| 245 | 0 | 4 |
_aThe quest for an ideal youth in Putin's Russia _nBand 1 _pThe quest for an ideal youth in Putin's Russia I : Back to our future! history, modernity, and patriotism according to Nashi, 2005-2013 |
| 250 | _a2 Aufl. | ||
| 264 |
_aStuttgart : _bIbidem-Verl., _c2014 |
||
| 300 | _a202, [14], 30 S. : Ill. | ||
| 246 | 1 | 2 |
_aThe quest for an ideal youth in Putin's Russia. The quest for an ideal youth in Putin's Russia I : Back to our future! history, modernity, and patriotism according to Nashi, 2005-2013 _nBand 1 |
| 773 | 0 | 8 |
_wa987679186 _qBand1 |
| 942 | _cMG | ||
| 040 | _cRU-10907106 | ||
| 003 | RU-10907106 | ||
| 999 |
_c46381 _d46381 |
||
| 490 | 0 |
_aSoviet and post-Soviet politics and society _v114 |
|